000
00258nam a2200109Ia 4500
008
200302s9999 xx 000 0 und d
100
_a
Harriet H. Thoen
245
_a
Land of Liberty
260
_b
The L. W. Singer Co. Inc.
260
_c
1955
300
_a
376 P.,
999
_c
5224
_d
5224